Traduction en/fr: la famille - Statistiques

Statistiques générales
  • Ce quiz a été pris 271 fois
  • Le résultat moyen est 27 sur 29
Statistiques - réponses
Mots Traduction % Correct
parents parents
100%
A baby Un bébé
100%
a girl une fille
100%
a boy un garçon
100%
a man un homme
100%
my mother ma mère
99%
my father mon père
99%
a woman une femme
99%
a child un enfant
99%
my grandmother ma grand-mère
98%
my sister ma sœur
98%
my cousin mon cousin| ma cousine
98%
my brother mon frère
98%
my grandfather mon grand-père
98%
my uncle mon oncle
98%
my daughter ma fille
97%
my son mon fils
97%
my aunt ma tante
96%
my grandparents mes grands-parents
96%
children enfants
95%
my husband mon mari
95%
men hommes
92%
women femmes
91%
my stepmother ma belle-mère
90%
my stepfather mon beau-père
89%
my wife mon épouse
73%
my godmother ma marraine
59%
my godfather mon parrain
59%
my relatives mes parents (membres de ma famille)
39%
Aucun quiz correspondant
Distribution des résultats
% des personnes avec chaque résultat
Percentile par nombre de réponses
Votre historique - résultats
Vous n’avez pas pris ce quiz